[Event "Znin op"]
[Site "Znin"]
[Date "2010.06.30"]
[Round "7"]
[White "Szary, Marcin"]
[Black "Wodzynski, Mieszko"]
[Result "0-1"]
[WhiteElo "1856"]
[BlackElo "1807"]
[PlyCount "74"]
[EventDate "2010.06.27"]
[EventType "swiss"]
[EventRounds "9"]
[EventCountry "POL"]
[SourceTitle "CBM 137 Extra"]
[Source "ChessBase"]
[SourceDate "2010.09.01"]
[SourceVersion "1"]
[SourceVersionDate "2010.09.01"]
[SourceQuality "1"]

1. e4 e5 2. Nf3 Nc6 3. Bc4 Nf6 4. Nc3 Bc5 5. 0-0 d6 6. h3 Be6 7. Bb5 0-0 8. d3 h6 9. Na4 Nd4 10. Nxd4 Bxd4 11. c3 Bb6 12. Nxb6 axb6 13. a3 d5 14. exd5 Bxd5 15. Ba4 b5 16. Bc2 Re8 17. f3 Nh5 18. d4 exd4 19. Qxd4 Ng3 20. Rf2 Ne2+ 21. Rxe2 Rxe2 22. Bh7+ Kf8 23. Bf4 Bc4 24. Qc5+ Qe7 25. Qxe7+ Kxe7 26. Be4 c6 27. Bc7 g6 28. g4 Rxb2 29. Rd1 Be6 30. Rc1 Ra2 31. f4 Kd7 32. Be5 Rd2 33. f5 gxf5 34. gxf5 Bb3 35. f6 Rd1+ 36. Rxd1+ Bxd1 37. Bf5+ Kd8 0-1